00655 2200205 4500001002100000005001700021008004100038035002400079082001600103090002100119245008300140260009600223300003000319650003200349700001800381850001600399980001300415985000600428999001500434YOGYA-0209000006358720090227040214.0 ind  0010-020900000063587 a928.0992216 a928.0992216bBio aBIOGRAFI dan karya pujangga haji Hasan Mustafacoleh Tini Kartini ... [et al.] aJakartabPusat Pembinaan dan Pengembangan Bahasa Departemen Pendidikan dan Kebudayaanc1985 axiv, 175 hlmbilusc21 cm aBiografi Haji Hasan Mustafa aKartini, Tini aYOPDYOG (B) a04-09-06 a1 aA000002214